000 00733nam a2200241Ia 4500
003 OSt
005 20220930065354.0
006 a|||||r|||| 00| 0
007 ta
008 220926b |||||||| |||| 00| 0 eng d
024 _a5515
037 _cTheses
040 _aCRL
_cCRL
_beng
041 _2eng
_aeng
100 _aMohanty Reena
_9525802
110 _aUniversity of Delhi. Faculty of Arts. Department of Modern Indian Language
_9522687
245 0 _aOrissan tribal culture in Gopinath's fictions
260 _c1994
650 _aMODERN EUROPEAN LANGUAGES
700 _aUniversity of Delhi. Faculty of Arts. Department of Modern Indian Language
_9522688
942 _cDIS
_2CC
999 _c859463
_d859463